[Event "Int SVK-ch GM 2020"]
[Site "Drienica"]
[Date "2020.08.13"]
[Round "7.4"]
[White "Jurcik, Marian"]
[Black "Mazur, Stefan"]
[Result "1-0"]
[WhiteElo "2441"]
[BlackElo "2449"]
[Annotator "ChessBase"]
[PlyCount "65"]
[EventDate "2020.08.07"]
[EventType "tourn"]
[EventCountry "SVK"]
[SourceTitle "playchess.com"]
[Source "ChessBase"]
[SourceQuality "1"]
[TimeControl "40/5400+30:1800+30"]

1. d4 {[%emt 0:02:31]} Nf6 {[%emt 0:04:17]} 2. c4 {[%emt 0:00:12]} e5 {[%emt 0:00:41]} 3. dxe5 {[%emt 0:00:23]} Ng4 {[%emt 0:00:08]} 4. e3 {[%emt 0:00:51]} Nxe5 {[%emt 0:01:31]} 5. f4 {[%emt 0:00:14]} Ng6 {[%emt 0:00:53]} 6. h4 {[%emt 0:01:06]} Bb4+ {[%emt 0:09:39]} 7. Kf2 {[%emt 0:21:02]} Qf6 {[%emt 0:10:29]} 8. Qd4 {[%emt 0:06:08]} Qxd4 {[%emt 0:08:22]} 9. exd4 {[%emt 0:00:02]} d5 {[%emt 0:00:51]} 10. h5 {[%emt 0:04:25]} Nf8 {[%emt 0:00:46]} 11. Nc3 {[%emt 0:06:42]} Bxc3 {[%emt 0:03:10]} 12. bxc3 {[%emt 0:00:10]} Be6 {[%emt 0:00:07]} 13. cxd5 {[%emt 0:08:24]} Bxd5 {[%emt 0:00:09]} 14. Ba3 {[%emt 0:00:26]} Nfd7 {[%emt 0:14:42]} 15. Re1+ {[%emt 0:04:58]} Kd8 {[%emt 0:00:07]} 16. c4 {[%emt 0:00:14]} Be6 {[%emt 0:00:04]} 17. Bd3 {[%emt 0:01:40]} Nf6 {[%emt 0:01:39]} 18. Nf3 {[%emt 0:16:12]} a5 {[%emt 0:11:03]} 19. Ng5 {[%emt 0:02:07]} h6 {[%emt 0:04:13]} 20. Nxe6+ {[%emt 0:01:05]} fxe6 {[%emt 0:00:06]} 21. Rxe6 {[%emt 0:00:27]} Nc6 {[%emt 0:01:05]} 22. Bb2 {[%emt 0:04:33]} Re8 {[%emt 0:02:03]} 23. Rxe8+ {[%emt 0:02:19]} Nxe8 {[%emt 0:03:19]} 24. d5 {[%emt 0:01:28]} Nb4 {[%emt 0:00:18]} 25. Bg6 {[%emt 0:02:19]} Nxa2 {[%emt 0:06:39]} 26. Re1 {[%emt 0:06:42]} Kd7 {[%emt 0:00:13]} 27. Bf5+ {[%emt 0:00:25]} Kd8 {[%emt 0:01:48]} 28. Bg6 {[%emt 0:01:17]} Kd7 {[%emt 0:00:02]} 29. g4 {[%emt 0:01:04]} a4 {[%emt 0:10:28]} 30. g5 {[%emt 0:00:05]} Nb4 {[%emt 0:00:03]} 31. Rxe8 {[%emt 0:01:59]} Rxe8 {[%emt 0:00:06]} 32. Bxg7 {[%emt 0:00:18]} a3 {[%emt 0:01:14]} 33. gxh6 {[%emt 0:00:38]} 1-0

[Event "Int SVK-ch GM 2020"]
[Site "Drienica"]
[Date "2020.08.13"]
[Round "7.5"]
[White "Kostolansky, Sebastian Lukas"]
[Black "Druska, Juraj"]
[Result "1-0"]
[WhiteElo "2402"]
[BlackElo "2515"]
[Annotator "ChessBase"]
[PlyCount "91"]
[EventDate "2020.08.07"]
[EventType "tourn"]
[EventCountry "SVK"]
[SourceTitle "playchess.com"]
[Source "ChessBase"]
[SourceQuality "1"]
[TimeControl "40/5400+30:1800+30"]

1. e4 {[%emt 0:00:00]} e5 {[%emt 0:03:00]} 2. Nf3 {[%emt 0:00:00]} Nc6 {[%emt 0:00:08]} 3. Bb5 {[%emt 0:00:00]} a6 {[%emt 0:00:12]} 4. Ba4 {[%emt 0:00:07]} Nf6 {[%emt 0:00:11]} 5. d3 {[%emt 0:01:11]} d6 {[%emt 0:00:24]} 6. c3 {[%emt 0:01:20]} g6 {[%emt 0:00:16]} 7. O-O {[%emt 0:01:23]} Bg7 {[%emt 0:00:20]} 8. Re1 {[%emt 0:15:02]} O-O {[%emt 0:00:29]} 9. Nbd2 {[%emt 0:07:04]} Re8 {[%emt 0:01:11]} 10. Nf1 {[%emt 0:02:31]} h6 {[%emt 0:00:13]} 11. Ng3 {[%emt 0:04:15]} b5 {[%emt 0:01:08]} 12. Bc2 {[%emt 0:07:09]} a5 {[%emt 0:00:57]} 13. h3 {[%emt 0:04:03]} Bb7 {[%emt 0:07:20]} 14. d4 {[%emt 0:08:15]} exd4 {[%emt 0:01:43]} 15. cxd4 {[%emt 0:09:38]} Nb4 {[%emt 0:00:29]} 16. Bb1 {[%emt 0:00:06]} c5 {[%emt 0:00:07]} 17. Bf4 {[%emt 0:04:17]} a4 {[%emt 0:04:40]} 18. Qc1 {[%emt 0:08:21]} g5 {[%emt 0:28:04]} 19. Bd2 {[%emt 0:04:19]} Qd7 {[%emt 0:34:41]} 20. h4 {[%emt 0:11:49]} gxh4 {[%emt 0:09:43]} 21. Nxh4 {[%emt 0:02:21]} Qg4 {[%emt 0:00:40]} 22. Nhf5 {[%emt 0:00:26]} Bxe4 {[%emt 0:03:45]} 23. Bxe4 {[%emt 0:03:07]} Nxe4 {[%emt 0:00:26]} 24. Rxe4 {[%emt 0:01:28]} Rxe4 {[%emt 0:00:09]} 25. f3 {[%emt 0:00:13]} Bxd4+ {[%emt 0:00:20]} 26. Kf1 {[%emt 0:01:59]} Qg6 {[%emt 0:01:51]} 27. fxe4 {[%emt 0:00:32]} Re8 {[%emt 0:00:03]} 28. Bxb4 {[%emt 0:01:23]} cxb4 {[%emt 0:00:53]} 29. Qc6 {[%emt 0:00:46]} Kf8 {[%emt 0:00:28]} 30. Nxd6 {[%emt 0:01:21]} Rd8 {[%emt 0:00:31]} 31. Ngf5 {[%emt 0:00:12]} Bxb2 {[%emt 0:00:36]} 32. Qc7 {[%emt 0:00:23]} Qf6 {[%emt 0:00:21]} 33. Rd1 {[%emt 0:00:47]} Be5 {[%emt 0:00:35]} 34. Kg1 {[%emt 0:00:39]} b3 {[%emt 0:00:29]} 35. axb3 {[%emt 0:00:07]} a3 {[%emt 0:00:36]} 36. Qc5 {[%emt 0:00:26]} a2 {[%emt 0:00:25]} 37. Nb7+ {[%emt 0:00:53]} Kg8 {[%emt 0:00:35]} 38. Nxd8 {[%emt 0:00:34]} a1=Q {[%emt 0:00:27]} 39. Rxa1 {[%emt 0:00:06]} Bxa1 {[%emt 0:00:04]} 40. Nc6 {[%emt 0:00:15]} b4 {[%emt 0:00:29]} 41. Nxb4 {[%emt 0:03:05]} Qb2 {[%emt 0:02:15]} 42. Nxh6+ {[%emt 0:04:12]} Kh7 {[%emt 0:00:08]} 43. Nxf7 {[%emt 0:00:53]} Qxb3 {[%emt 0:00:48]} 44. Ng5+ {[%emt 0:02:39]} Kg6 {[%emt 0:03:35]} 45. Qf5+ {[%emt 0:00:32]} Kh6 {[%emt 0:00:16]} 46. Qe6+ {[%emt 0:01:01]} 1-0

[Event "Int SVK-ch GM 2020"]
[Site "Drienica"]
[Date "2020.08.14"]
[Round "8.1"]
[White "Gazik, Viktor"]
[Black "Druska, Juraj"]
[Result "1-0"]
[WhiteElo "2502"]
[BlackElo "2515"]
[Annotator "TA"]
[PlyCount "159"]
[EventDate "2020.08.07"]
[EventType "tourn"]
[EventCountry "SVK"]
[SourceTitle "playchess.com"]
[Source "ChessBase"]
[SourceQuality "1"]

{[%evp 16,158,6,0,28,0,29,30,31,28,30,36,31,23,46,29,38,21,27,20,33,16,28,21,35,37,47,25,41,13,50,23,36,28,35,21,25,13,23,10,25,-6,0,-6,-6,-8,10,0,31,19,43,34,75,65,76,47,57,8,84,77,243,103,127,88,104,110,116,116,103,109,114,112,114,114,112,109,110,100,123,112,114,106,120,120,142,129,170,126,246,150,132,131,210,204,206,128,147,146,213,217,210,206,216,186,188,185,185,186,331,285,460,270,263,150,145,139,148,139,139,140,149,117,145,122,114,121,157,123,311,285,558,550,533,501,12837,316,12837,12838,29995,29996,29996,29996,29997,29998,29999]} 1. e4 e6 2. d4 d5 3. Nc3 Nf6 4. e5 Nfd7 5. Nce2 c5 6. c3 Nc6 7. f4 Be7 8. Nf3 O-O 9. g3 Qa5 {[#] C11: French: Classical System: 4 e5 and 4 Bg5 dxe4.} 10. Bg2 $146 (10. Be3 {is more complex.} Qb6 11. Qd2 a5 12. Qc2 f6 13. Bf2) ({Predecessor:} 10. Be3 Qb6 11. Qb3 Qxb3 12. axb3 cxd4 13. Nexd4 Nxd4 14. Nxd4 Bc5 15. b4 Bb6 16. Bd3 f6 17. Ke2 fxe5 18. Nxe6 {1-0 (37) Kozin,Y (2192)-Kovalev,E (2096) Nizhnij Novgorod 1999}) 10... Nxd4 (10... b5 {with more complications.} 11. a3 b4 12. cxb4 cxb4 13. Bd2 Qb6) 11. Nexd4 cxd4 {White has an edge.} 12. Nxd4 Qc7 13. O-O b6 14. Be3 g6 15. Qc2 Ba6 16. Rf2 Nc5 17. Rd1 Rad8 18. h3 Rfe8 19. Kh2 Bf8 20. Bf3 Ne4 21. Rg2 Rc8 22. Nb3 Bb7 23. Bd4 Red8 24. Nd2 {[%cal Rd2e4]} Bc5 {[#] Strongly threatening ...Bxd4.} 25. Nf1 b5 26. Ne3 a5 27. a3 Qb6 28. Qb3 Ba6 29. Nc2 Qc6 30. Bxc5 Qxc5 (30... Nxc5 $5 31. Qa2 $8 Qb6 $11) 31. Rd4 Bb7 32. Ne3 Rb8 33. Qd1 {Bxe4 is the strong threat.} Rdc8 34. Nc2 Bc6 35. h4 Qe7 36. Re2 {[%cal Rf3e4]} b4 (36... Nc5 $11) 37. axb4 $16 (37. Bxe4 bxc3 38. bxc3 dxe4 $15) 37... Ba4 $2 (37... axb4 $16 {was worth a try.} 38. c4 (38. Bxe4 bxc3 39. Ne3 dxe4 $15) (38. Nxb4 Bb5 $14) (38. Rxb4 Rxb4 39. Nxb4 Bb5 $14) 38... Qc5) 38. bxa5 (38. Bxe4 $18 dxe4 39. bxa5 {[%mdl 64] Discovered Attack}) 38... Nc5 39. Qb1 Bb5 40. Rg2 Nb3 41. Rb4 Nxa5 42. Nd4 Nc6 43. Nxc6 Bxc6 44. Rxb8 Rxb8 45. h5 Qa7 46. Qg1 Qe7 47. Qd4 Bb5 48. Rf2 Bc4 49. Kh3 Qd8 50. g4 Ra8 51. Kg3 Qa5 (51... Qb8 $16 {keeps fighting.}) 52. Rh2 Qa1 53. Qd2 Qa7 {[#]} (53... Qg1+ $16 {was necessary.} 54. Qg2 Ra1) 54. hxg6 $1 $18 fxg6 55. g5 Bb5 56. Rh1 Qe7 (56... Rf8 $16 57. Qd4 Qa6) 57. Qd4 Ra4 58. Qb6 Be8 59. Bg4 Bf7 60. Rd1 Kg7 61. Rd4 Ra1 (61... Rxd4 $142 62. Qxd4 (62. cxd4 Qd7 $16) 62... Qb7) 62. Rb4 h6 $2 (62... h5) 63. gxh6+ (63. Qd6 $142 Qa7 64. gxh6+ Kxh6 65. Qf8+ Kh7 66. Kh4) 63... Kxh6 64. Qe3 (64. Qd6 $18 Rg1+ 65. Kf3) 64... Kg7 $16 65. Bf3 Ra8 66. Qf2 Rh8 {( -> ...Qh4+)} 67. Kg2 Ra8 68. Rd4 Ra2 69. Rd2 Ra1 70. Rd1 Ra2 71. Kg3 Ra4 $2 (71... g5 $16 {is a better defense.}) 72. Qh2 {And now Rh1 would win.} g5 $2 (72... Bg8 73. Rh1 Kf7) 73. Rh1 $18 {Intending Qh8+ and mate.} gxf4+ 74. Kf2 {Qh6+ would kill now.} Bg6 (74... Kf8 $142 75. Qh6+ Ke8) 75. Qh8+ Kf7 {intending ...Ra2!} 76. Bh5 {White threatens Bxg6+ and mate.} Ra2 77. Bxg6+ {White mates.} Kxg6 78. Qg8+ Kf5 79. Rh5+ Ke4 80. Qg6# {Accuracy: White = 76%, Black = 59%.} 1-0

[Event "Int SVK-ch GM 2020"]
[Site "Drienica"]
[Date "2020.08.14"]
[Round "8.2"]
[White "Mazur, Stefan"]
[Black "Kostolansky, Sebastian Lukas"]
[Result "1/2-1/2"]
[WhiteElo "2449"]
[BlackElo "2402"]
[Annotator "ChessBase"]
[PlyCount "62"]
[EventDate "2020.08.07"]
[EventType "tourn"]
[EventCountry "SVK"]
[SourceTitle "playchess.com"]
[Source "ChessBase"]
[SourceQuality "1"]
[TimeControl "40/5400+30:1800+30"]

1. e4 {[%emt 0:05:13]} e6 {[%emt 0:00:00]} 2. d4 {[%emt 0:00:36]} d5 {[%emt 0:00:00]} 3. Nc3 {[%emt 0:00:05]} Nf6 {[%emt 0:00:08]} 4. e5 {[%emt 0:00:06]} Nfd7 {[%emt 0:00:06]} 5. f4 {[%emt 0:00:08]} c5 {[%emt 0:00:06]} 6. Nf3 {[%emt 0:00:04]} Nc6 {[%emt 0:00:10]} 7. Be3 {[%emt 0:00:07]} Qb6 {[%emt 0:01:21]} 8. Na4 {[%emt 0:00:22]} Qa5+ {[%emt 0:00:06]} 9. c3 {[%emt 0:00:07]} cxd4 {[%emt 0:00:04]} 10. b4 {[%emt 0:00:43]} Nxb4 {[%emt 0:00:14]} 11. cxb4 {[%emt 0:00:39]} Bxb4+ {[%emt 0:00:06]} 12. Bd2 {[%emt 0:00:06]} Bxd2+ {[%emt 0:00:04]} 13. Nxd2 {[%emt 0:00:09]} b6 {[%emt 0:10:05]} 14. Qb3 {[%emt 0:10:05]} Ba6 {[%emt 0:24:49]} 15. Bxa6 {[%emt 0:01:15]} Qxa6 {[%emt 0:00:04]} 16. Kf2 {[%emt 0:02:31]} O-O {[%emt 0:03:58]} 17. Rac1 {[%emt 0:04:36]} Rfc8 18. Nf3 {[%emt 0:05:43]} Rc4 {[%emt 0:32:22]} 19. Rxc4 {[%emt 0:04:08]} dxc4 {[%emt 0:00:04]} 20. Qb4 {[%emt 0:00:10]} b5 {[%emt 0:00:20]} 21. Nc5 {[%emt 0:00:32]} Nxc5 {[%emt 0:02:30]} 22. Qxc5 {[%emt 0:00:39]} Qxa2+ {[%emt 0:09:04]} 23. Kg3 {[%emt 0:00:18]} Qc2 {[%emt 0:07:24]} 24. Qxd4 {[%emt 0:10:55]} b4 {[%emt 0:00:43]} 25. Ra1 {[%emt 0:28:47]} h6 {[%emt 0:00:18]} 26. Qd2 {[%emt 0:00:17]} Qg6+ {[%emt 0:02:26]} 27. Kh3 {[%emt 0:00:24]} Qf5+ {[%emt 0:02:29]} 28. Kg3 {[%emt 0:02:59]} Qg6+ {[%emt 0:00:05]} 29. Kh3 {[%emt 0:00:05]} c3 {[%emt 0:00:36]} 30. Qd4 {[%emt 0:00:57]} a5 {[%emt 0:00:45]} 31. Qc4 {[%emt 0:01:06]} Rd8 {[%emt 0:02:35]} 1/2-1/2

[Event "Int SVK-ch GM 2020"]
[Site "Drienica"]
[Date "2020.08.14"]
[Round "8.3"]
[White "Nayhebaver, Martin"]
[Black "Jurcik, Marian"]
[Result "1/2-1/2"]
[WhiteElo "2482"]
[BlackElo "2441"]
[Annotator "ChessBase"]
[PlyCount "61"]
[EventDate "2020.08.07"]
[EventType "tourn"]
[EventCountry "SVK"]
[SourceTitle "playchess.com"]
[Source "ChessBase"]
[SourceQuality "1"]
[TimeControl "40/5400+30:1800+30"]

1. e4 e6 2. d4 d5 3. e5 {[%emt 0:03:49]} Bd7 {[%emt 0:01:11]} 4. c3 {[%emt 0:03:07]} a6 {[%emt 0:01:42]} 5. Bd3 {[%emt 0:01:39]} Bb5 {[%emt 0:00:37]} 6. Ne2 {[%emt 0:00:16]} Bxd3 {[%emt 0:01:43]} 7. Qxd3 {[%emt 0:00:12]} c5 {[%emt 0:06:49]} 8. O-O {[%emt 0:00:40]} Nc6 {[%emt 0:01:59]} 9. Nd2 {[%emt 0:01:09]} Nge7 {[%emt 0:07:39]} 10. Nf3 {[%emt 0:02:34]} h6 {[%emt 0:17:00]} 11. dxc5 {[%emt 0:07:01]} Ng6 {[%emt 0:00:39]} 12. Ned4 {[%emt 0:01:33]} Ncxe5 {[%emt 0:08:48]} 13. Nxe5 {[%emt 0:02:29]} Nxe5 {[%emt 0:00:02]} 14. Qg3 {[%emt 0:01:55]} Nc6 {[%emt 0:00:29]} 15. Re1 Qd7 {[%emt 0:07:36]} 16. b4 {[%emt 0:07:34]} g6 {[%emt 0:00:53]} 17. Bf4 {[%emt 0:04:06]} Bg7 {[%emt 0:08:06]} 18. Nf5 {[%emt 0:14:35]} Kf8 {[%emt 0:04:54]} 19. Bd6+ {[%emt 0:02:34]} Kg8 {[%emt 0:00:03]} 20. Nxg7 {[%emt 0:00:13]} Kxg7 {[%emt 0:00:08]} 21. c4 {[%emt 0:01:21]} f6 {[%emt 0:03:09]} 22. Qh3 {[%emt 0:08:41]} dxc4 {[%emt 0:01:32]} 23. Rad1 {[%emt 0:07:33]} Qf7 {[%emt 0:00:08]} 24. Qc3 {[%emt 0:02:24]} e5 {[%emt 0:01:14]} 25. a4 {[%emt 0:01:18]} Rhe8 {[%emt 0:00:43]} 26. Re4 {[%emt 0:01:14]} g5 {[%emt 0:01:31]} 27. Qxc4 {[%emt 0:05:23]} Qxc4 {[%emt 0:04:09]} 28. Rxc4 {[%emt 0:00:02]} Nd4 {[%emt 0:00:11]} 29. f3 {[%emt 0:05:39]} Kf7 {[%emt 0:00:24]} 30. Kf2 {[%emt 0:00:42]} Rad8 {[%emt 0:06:21]} 31. g4 1/2-1/2

[Event "Int SVK-ch GM 2020"]
[Site "Drienica"]
[Date "2020.08.14"]
[Round "8.4"]
[White "Mrva, Martin"]
[Black "Pechac, Jergus"]
[Result "0-1"]
[WhiteElo "2386"]
[BlackElo "2498"]
[Annotator "ChessBase"]
[PlyCount "60"]
[EventDate "2020.08.07"]
[EventType "tourn"]
[EventCountry "SVK"]
[SourceTitle "playchess.com"]
[Source "ChessBase"]
[SourceQuality "1"]
[TimeControl "40/5400+30:1800+30"]

1. c4 c6 2. e4 d5 3. exd5 cxd5 4. cxd5 Nf6 5. Nc3 g6 {[%emt 0:04:39]} 6. Nf3 {[%emt 0:00:24]} Bg7 {[%emt 0:05:45]} 7. Bc4 {[%emt 0:00:08]} O-O {[%emt 0:00:40]} 8. O-O {[%emt 0:00:08]} b6 {[%emt 0:30:02]} 9. Re1 {[%emt 0:02:59]} Bb7 {[%emt 0:03:11]} 10. d4 {[%emt 0:11:44]} Nxd5 {[%emt 0:01:12]} 11. Bg5 {[%emt 0:12:08]} Nxc3 {[%emt 0:09:50]} 12. bxc3 {[%emt 0:00:07]} Qc8 13. Bb3 {[%emt 0:15:03]} e6 {[%emt 0:01:15]} 14. Ne5 {[%emt 0:00:10]} Nd7 {[%emt 0:01:04]} 15. Nxf7 {[%emt 0:17:35]} Rxf7 {[%emt 0:00:44]} 16. Bxe6 {[%emt 0:00:09]} Qf8 {[%emt 0:01:00]} 17. Bxf7+ {[%emt 0:00:15]} Qxf7 {[%emt 0:00:16]} 18. Re7 {[%emt 0:00:06]} Qf5 {[%emt 0:01:12]} 19. h4 {[%emt 0:08:52]} Bf8 {[%emt 0:03:16]} 20. Re3 {[%emt 0:02:25]} h6 {[%emt 0:03:41]} 21. Be7 {[%emt 0:09:25]} Re8 {[%emt 0:00:11]} 22. Qe2 {[%emt 0:00:31]} Rxe7 {[%emt 0:00:15]} 23. Rxe7 {[%emt 0:00:13]} Bxe7 {[%emt 0:00:03]} 24. Qxe7 {[%emt 0:00:08]} Qg4 {[%emt 0:00:05]} 25. Kf1 {[%emt 0:07:29]} Qxg2+ {[%emt 0:00:08]} 26. Ke1 {[%emt 0:02:03]} Qg1+ {[%emt 0:00:26]} 27. Ke2 {[%emt 0:00:07]} Ba6+ {[%emt 0:05:06]} 28. Kf3 {[%emt 0:05:42]} Qxa1 {[%emt 0:00:06]} 29. Qxd7 {[%emt 0:01:41]} Qxc3+ {[%emt 0:00:06]} 30. Kf4 {[%emt 0:00:10]} Qc8 {[%emt 0:01:09]} 0-1

[Event "Int SVK-ch GM 2020"]
[Site "Drienica"]
[Date "2020.08.14"]
[Round "8.5"]
[White "Jablonicky, Martin"]
[Black "Petenyi, Tamas"]
[Result "1/2-1/2"]
[WhiteElo "2314"]
[BlackElo "2436"]
[Annotator "TA"]
[PlyCount "26"]
[EventDate "2020.08.07"]
[EventType "tourn"]
[EventCountry "SVK"]
[SourceTitle "playchess.com"]
[Source "ChessBase"]
[SourceQuality "1"]

{[%evp 25,26,0,1]} 1. Nf3 Nf6 2. g3 g6 3. Bg2 Bg7 4. O-O O-O 5. d4 d5 6. c4 c6 7. cxd5 cxd5 8. Ne5 {[#]} Ng4 $146 ({Predecessor:} 8... Ne4 9. Nd2 Nxd2 10. Bxd2 Nd7 11. Nxd7 Bxd7 12. e3 e6 13. Qb3 Qb6 14. Qxb6 axb6 15. Rfc1 Rfc8 16. Rxc8+ Rxc8 17. Rc1 Rxc1+ 18. Bxc1 Bb5 19. Bd2 Bf8 20. Bf1 Bxf1 21. Kxf1 {½-½ (38) Carlsen,M (2863)-Nepomniachtchi,I (2784) chess24.com INT 2020}) 9. Nf3 Nf6 10. Ne5 Ng4 11. Nf3 Nf6 12. Ne5 Ng4 13. Nf3 Nf6 1/2-1/2

[Event "Int SVK-ch GM 2020"]
[Site "Drienica"]
[Date "2020.08.15"]
[Round "9.1"]
[White "Petenyi, Tamas"]
[Black "Gazik, Viktor"]
[Result "0-1"]
[WhiteElo "2436"]
[BlackElo "2502"]
[Annotator "TA"]
[PlyCount "68"]
[EventDate "2020.08.07"]
[EventType "tourn"]
[EventCountry "SVK"]
[SourceTitle "playchess.com"]
[Source "ChessBase"]
[SourceQuality "1"]

{[%evp 9,68,0,18,-2,0,0,0,-12,-8,-5,-14,-31,-15,-102,-22,-19,-16,-66,-89,-101,-112,-103,-91,-323,-364,-688,-683,-669,-614,-583,-591,-602,-581,-721,-741,-780,-758,-746,-737,-884,-897,-927,-925,-950,-947,-1227,-1204,-1200,-1176,-1731,-1518,-5432,-5130,-29976,-29976,-29984,-29985,-29984,-29967,-29992,-29992]} 1. e4 c5 2. Nf3 Nf6 3. e5 Nd5 4. Bc4 Nb6 5. Qe2 e6 6. Nc3 {B29: Sicilian: 2 Nf3 Nf6 (Nimzowitsch Variation).} Nxc4 7. Qxc4 {[#]} b6 $146 ({Predecessor:} 7... d5 8. exd6 Bxd6 9. d4 cxd4 10. Nxd4 O-O 11. Be3 a6 12. O-O b5 13. Qd3 Bb7 {½-½ (47) Gazen,L (2093)-Helmer,J (2161) LSS email 2008}) 8. d3 {The position is equal.} Bb7 9. Bg5 Qc7 10. O-O-O a6 11. d4 {[#]} (11. Qg4 $11) 11... b5 (11... Bxf3 $1 $17 12. gxf3 b5) 12. Qe2 $1 $11 cxd4 13. Nxd4 b4 14. Ne4 Qxe5 15. Rhe1 Qxe4 (15... Qxh2 $2 16. f4 $18) 16. Qc4 $2 {White does not recover from this.} (16. Qxe4 $17 {was forced.} Bxe4 17. Rxe4) 16... Qg6 $19 ({But not} 16... Qxg2 $2 {[#]} 17. Nxe6 $1 {[%mdl 512]} Be7 18. Nxg7+ Kf8 19. Bxe7+ Kg8 20. Nf5 $18) 17. Qc7 $2 (17. f4 Nc6 18. h4 Nxd4 19. Qxd4) 17... Qxg5+ {[%mdl 64] Double Attack} 18. f4 Qd5 19. Nxe6 dxe6 20. Rxd5 Bxd5 21. Qe5 {intending Qxd5.} Kd7 22. Qh5 f5 23. Qf7+ Be7 24. g4 g6 25. gxf5 gxf5 26. Rd1 Nc6 27. c4 bxc3 28. bxc3 Kc7 29. Rxd5 exd5 30. Qxf5 Raf8 31. Qxd5 Rxf4 {Black mates.} 32. Qg2 Rhf8 33. Qg7 Rf2 34. Qxh7 Rxa2 {Accuracy: White = 61%, Black = 85%.} 0-1

[Event "Int SVK-ch GM 2020"]
[Site "Drienica"]
[Date "2020.08.15"]
[Round "9.2"]
[White "Pechac, Jergus"]
[Black "Jablonicky, Martin"]
[Result "1-0"]
[WhiteElo "2498"]
[BlackElo "2314"]
[Annotator "TA"]
[PlyCount "99"]
[EventDate "2020.08.07"]
[EventType "tourn"]
[EventCountry "SVK"]
[SourceTitle "playchess.com"]
[Source "ChessBase"]
[SourceQuality "1"]

{[%evp 16,99,41,-6,20,27,30,10,56,71,88,88,93,82,89,87,88,89,90,89,73,76,84,49,85,69,64,71,92,72,305,293,304,295,290,312,376,288,338,240,361,345,443,406,454,436,400,397,406,404,377,359,297,281,383,389,634,561,29981,29982,29989,29990,29990,29991,29991,4881,29983,29984,29984,29985,29985,29986,29980,4834,29973,29975,29973,29975,29976,29975,29975,29976,29976,29977,29976,29975]} 1. d4 Nf6 2. Nf3 d6 3. Nc3 Nbd7 4. e4 e5 5. Bc4 Be7 6. a4 O-O 7. O-O c6 8. Re1 Qc7 {8...h6 gains popularity.} 9. b3 h6 {C41: Philidor Defence.} 10. Bb2 Re8 11. h3 b6 {[#] The position is equal.} 12. d5 $146 ({Predecessor:} 12. Qd2 Bb7 13. Rad1 a6 14. d5 b5 15. dxc6 bxc4 16. cxb7 Qxb7 17. Ba3 cxb3 18. Rb1 {½-½ (46) Artemenko,O (2327)-Khouseinov,R (2299) Tashkent 2011}) 12... c5 13. a5 bxa5 14. Nb5 Qb7 15. Rxa5 Nb6 16. Bf1 a6 17. Nc3 Rf8 18. Nd2 Ne8 19. Qa1 Nc7 20. Nc4 Nxc4 21. Bxc4 f5 22. f4 Bh4 $2 (22... exf4 $16 23. e5 Ne8) 23. fxe5 $18 Bxe1 24. Qxe1 Ne8 25. e6 f4 26. Ra1 Qe7 27. Be2 a5 (27... Rb8 $142 28. e5 dxe5) 28. Bf3 Rb8 29. Rxa5 c4 30. Nb5 cxb3 31. c4 Bxe6 32. dxe6 Qxe6 33. e5 {aiming for Bd5.} Qxc4 34. Nxd6 Qc2 {And now ...Nxd6 would win.} 35. Qa1 Nxd6 $2 (35... Nc7 36. Ra7 Qc5+ 37. Kh2 Ne6) 36. exd6 {Hoping for Bd5+.} Qd2 37. Ra7 Rf7 38. Rxf7 Qe3+ 39. Kh2 Kxf7 40. Bxg7 (40. Qa5 $142 Qxf3 41. Qc7+ Ke6 42. gxf3 Rg8 43. d7 Kd5 44. Qe5+ Kc6 {[#]} 45. Qe6+ $1 {[%mdl 576] Double Attack} Kc7 46. Be5+ {[%mdl 64] Double Attack} Kb7 47. Qxg8 Kc6 48. d8=Q Kc5 49. Qa5+ Kc6 50. Qgd5#) 40... Ke6 41. Qf6+ {[%mdl 64] [#] Double Attack} Kd7 42. Bg4+ Kc6 43. d7+ Kb5 44. Qe5+ (44. Bf3 $142 Qc5 45. d8=Q Rxd8 46. Qxd8 Qc4 47. Bd4 Qxd4 48. Qxd4 b2 49. Qxb2+ Kc4 50. Qc1+ Kb4 51. Qxf4+ Kc3 52. Qxh6) 44... Ka4 45. Qxe3 {White mates.} ({And not} 45. Qxb8 Qg3+ 46. Kh1 Qe1+ 47. Kh2 Qg3+ 48. Kh1 Qe1+ 49. Kh2 Qg3+ $11) 45... fxe3 46. Bf6 Ka3 47. d8=Q Rxd8 48. Bxd8 b2 49. Bf5 e2 50. Bh4 {White took control after the opening. Accuracy: White = 81%, Black = 45%.} 1-0

[Event "Int SVK-ch GM 2020"]
[Site "Drienica"]
[Date "2020.08.15"]
[Round "9.3"]
[White "Jurcik, Marian"]
[Black "Mrva, Martin"]
[Result "1-0"]
[WhiteElo "2441"]
[BlackElo "2386"]
[Annotator "ChessBase"]
[PlyCount "57"]
[EventDate "2020.08.07"]
[EventType "tourn"]
[EventCountry "SVK"]
[SourceTitle "playchess.com"]
[Source "ChessBase"]
[SourceQuality "1"]
[TimeControl "40/5400+30:1800+30"]

1. d4 {[%emt 0:00:38]} Nf6 {[%emt 0:00:00]} 2. c4 {[%emt 0:01:01]} d6 {[%emt 0:00:00]} 3. Nc3 {[%emt 0:02:50]} g6 {[%emt 0:00:26]} 4. e4 {[%emt 0:00:35]} Bg7 {[%emt 0:00:04]} 5. f4 {[%emt 0:02:08]} c5 {[%emt 0:22:24]} 6. dxc5 {[%emt 0:03:40]} Qa5 {[%emt 0:00:23]} 7. Bd3 {[%emt 0:00:32]} Nfd7 {[%emt 0:10:53]} 8. Nge2 {[%emt 0:04:35]} Nxc5 {[%emt 0:02:31]} 9. O-O {[%emt 0:03:44]} Nc6 {[%emt 0:05:32]} 10. h3 {[%emt 0:35:57]} Nxd3 {[%emt 0:12:52]} 11. Qxd3 {[%emt 0:00:12]} Nb4 {[%emt 0:00:10]} 12. Qg3 {[%emt 0:14:20]} Nc2 {[%emt 0:06:04]} 13. Rb1 {[%emt 0:00:07]} Qc5+ {[%emt 0:00:10]} 14. Kh1 {[%emt 0:06:10]} Qxc4 {[%emt 0:00:16]} 15. Bd2 {[%emt 0:01:19]} Nb4 {[%emt 0:00:38]} 16. a3 {[%emt 0:06:05]} Nc6 {[%emt 0:10:55]} 17. b3 {[%emt 0:00:48]} Qe6 {[%emt 0:09:38]} 18. f5 {[%emt 0:04:10]} Qd7 {[%emt 0:03:29]} 19. Nd5 {[%emt 0:00:16]} Qd8 {[%emt 0:01:39]} 20. Qh4 {[%emt 0:04:38]} f6 {[%emt 0:04:52]} 21. Nef4 {[%emt 0:00:51]} Kf7 {[%emt 0:00:13]} 22. Bc3 {[%emt 0:01:33]} Bd7 {[%emt 0:00:41]} 23. Qg4 {[%emt 0:03:21]} Kg8 {[%emt 0:04:30]} 24. Rbd1 {[%emt 0:01:06]} Rc8 {[%emt 0:00:52]} 25. Qg3 {[%emt 0:00:46]} g5 {[%emt 0:00:43]} 26. Ne6 {[%emt 0:00:27]} Qe8 {[%emt 0:00:09]} 27. Nxg7 {[%emt 0:00:20]} Kxg7 {[%emt 0:01:30]} 28. Qxg5+ {[%emt 0:00:03]} Kf7 {[%emt 0:00:31]} 29. Nxf6 {[%emt 0:00:26]} 1-0